[Event "Sant Boi op 29th"]
[Site "Sant Boi de Llobregat"]
[Date "2017.04.28"]
[Round "2"]
[White "Chavero Trujillo, Luis"]
[Black "Prats Alonso, Oscar"]
[Result "0-1"]
[WhiteElo "1819"]
[BlackElo "2001"]
[PlyCount "110"]
[EventDate "2017.04.21"]
[EventType "swiss"]
[EventRounds "9"]
[EventCountry "ESP"]
[SourceTitle "CBM 187 Extra"]
[Source "ChessBase"]
[SourceDate "2018.11.04"]
[SourceVersion "1"]
[SourceVersionDate "2018.11.04"]
[SourceQuality "1"]

1. e4 e6 2. d4 d5 3. Nd2 Nf6 4. e5 Nfd7 5. Ngf3 c5 6. c3 Nc6 7. Bd3 cxd4 8. cxd4 g6 9. 0-0 Bg7 10. Re1 0-0 11. Nf1 Qb6 12. Bc2 f6 13. exf6 Nxf6 14. Rb1 Nb4 15. a3 Nxc2 16. Qxc2 Ne4 17. Be3 Bd7 18. b3 Bb5 19. Rbc1 Bxf1 20. Rxf1 Rf7 21. Qb2 Qd8 22. Ne5 Re7 23. f3 Nf6 24. Rc2 Rc8 25. Rfc1 Rec7 26. Nd3 Nd7 27. Rc3 b6 28. Qd2 Bf6 29. R1c2 Kf7 30. Qc1 Rxc3 31. Rxc3 Rxc3 32. Qxc3 Bg5 33. f4 Bf6 34. Qc6 Nf8 35. g4 Qd7 36. Qc3 e5 37. Nxe5+ Bxe5 38. dxe5 Qxg4+ 39. Kf1 Ne6 40. Ke1 Qf3 41. Qd2 Qh1+ 42. Ke2 Qxh2+ 43. Kd3 Qxd2+ 44. Bxd2 Nc5+ 45. Kc2 Ke6 46. Bc1 h5 47. b4 Ne4 48. Be3 h4 49. Kd3 h3 50. Bg1 Nf2+ 51. Ke2 Ng4 52. Kf3 h2 53. Bxh2 Nxh2+ 54. Kg3 Nf1+ 55. Kg4 Ne3+ 0-1

[Event "Sant Boi op 36th"]
[Site "Sant Boi de Llobregat"]
[Date "2014.05.09"]
[Round "4"]
[White "Chavero Trujillo, Luis"]
[Black "Chalmeta Torredemer, Josep"]
[Result "0-1"]
[WhiteElo "1993"]
[BlackElo "2257"]
[PlyCount "68"]
[EventDate "2014.04.04"]
[EventType "swiss"]
[EventRounds "9"]
[EventCountry "ESP"]
[SourceTitle "CBM 160 Extra"]
[Source "ChessBase"]
[SourceDate "2014.07.01"]
[SourceVersion "1"]
[SourceVersionDate "2014.07.01"]
[SourceQuality "1"]

1. e4 e5 2. Nf3 Nc6 3. d4 exd4 4. Bc4 Nf6 5. 0-0 Nxe4 6. Re1 d5 7. Bxd5 Qxd5 8. Nc3 Qa5 9. Rxe4+ Be6 10. Ne2 0-0-0 11. Bd2 Qd5 12. Ng3 Bd6 13. Qe1 Rhe8 14. a3 h6 15. b4 f5 16. Re2 Bd7 17. Rxe8 Rxe8 18. Qf1 Ne5 19. Nxe5 Bxe5 20. Qd3 Bxg3 21. Qxg3 Bc6 22. f3 g5 23. h3 Qc4 24. a4 Re2 25. b5 Rxd2 26. bxc6 bxc6 27. h4 gxh4 28. Qg6 Qxc2 29. Kh2 Re2 30. a5 Qc5 31. Qg8+ Kd7 32. Ra3 Qe5+ 33. Kh3 Qg3+ 34. Qxg3 hxg3 0-1

[Event "Sant Boi de Llobregat op 20th"]
[Site "Sant Boi de Llobregat"]
[Date "2008.04.25"]
[Round "1.10"]
[White "Canovas Quesada, Joan Josep"]
[Black "Chavero Trujillo, Luis"]
[Result "1-0"]
[WhiteElo "2072"]
[BlackElo "1740"]
[PlyCount "51"]
[EventDate "2008.04.25"]
[EventType "swiss"]
[EventRounds "8"]
[EventCountry "ESP"]
[SourceTitle "EXT 2024"]
[Source "ChessBase"]
[SourceDate "2023.10.10"]
[SourceVersion "1"]
[SourceVersionDate "2023.10.10"]
[SourceQuality "1"]

1. e4 g6 2. d4 Bg7 3. Nf3 d6 4. Bc4 e6 5. 0-0 Ne7 6. Bg5 Nbc6 7. Nc3 0-0 8. Qd2 a6 9. Rfe1 b5 10. Bb3 Na5 11. Rad1 Nxb3 12. axb3 Bb7 13. d5 e5 14. Ne2 Qd7 15. Bh6 f5 16. Bxg7 Kxg7 17. Ng5 Rf6 18. Ne6+ Kh8 19. c4 fxe4 20. Ng3 Nf5 21. Nxe4 Rxe6 22. dxe6 Qxe6 23. Ng5 Qf6 24. f4 exf4 25. Qxf4 Qxb2 26. Rd2 1-0